Poverty alleviation in Bangladesh, an exploration /

Bibliografiske detaljer
Hovedforfatter: Mia, M. S. Alam
Institution som forfatter: Bangladesh Unnayan Parishad
Format: Bog
Sprog:English
Udgivet: Dhaka : Bangladesh Unnayan Parishad : Distributor Palok Publishers, 1993.
Fag:
Classic Catalogue: View this record in Classic Catalogue
LEADER 01251nam a2200265 a 4500
001 4940383
008 091019s1993 bg b 000 0 eng d
010 |a  95902982  
020 |a 9848126074 
040 |a DLC  |c DLC 
082 0 0 |a 330.95492  |2 20 
100 1 |a Mia, M. S. Alam. 
245 1 0 |a Poverty alleviation in Bangladesh, an exploration /  |c M.S. Alam Mia. 
260 |a Dhaka :  |b Bangladesh Unnayan Parishad :  |b Distributor Palok Publishers,  |c 1993. 
300 |a xxiii, 165 p. ;  |c 23 cm. 
504 |a Includes bibliographical references. 
541 1 |e 00016932 
650 0 |a Poor  |z Bangladesh. 
651 0 |a Bangladesh  |x Economic policy. 
710 2 |a Bangladesh Unnayan Parishad. 
852 4 |a Ayesha Abed Library  |j General shelf  
999 |c 4708  |d 4708 
952 |0 0  |1 0  |2 ddc  |4 0  |6 330_954920000000000_MIA_1993  |7 0  |9 4499  |a BRACUL  |b BRACUL  |c GEN  |d 2009-10-19  |g 125.00  |l 0  |o 330.95492 MIA  |p 3010016932  |r 2009-10-19  |t 1  |w 2009-10-19  |y BK 
952 |0 0  |1 0  |2 ddc  |4 0  |6 330_954920000000000_MIA_1993  |7 0  |9 4501  |a BRACUL  |b BRACUL  |c GEN  |d 2009-10-19  |g 125.00  |l 0  |o 330.95492 MIA  |p 3010016931  |r 2009-10-19  |t 2  |w 2009-10-19  |y BK 
952 |0 0  |1 0  |2 ddc  |4 0  |6 330_954920000000000_MIA_1993  |7 0  |9 9190  |a BRACUL  |b BRACUL  |c GEN  |d 2010-04-12  |g 130.00  |l 0  |o 330.95492 MIA  |p 3010005414  |r 2010-04-12  |t 3  |w 2010-04-12  |y BK